| 000 | 01157cam a2200301 i 4500 | ||
|---|---|---|---|
| 005 | 20200104041755.0 | ||
| 008 | 141204s2015 nyuabdo b 001 0 eng | ||
| 020 | _a9780231173148 (paño) | ||
| 020 | _a9780231173155 (rústica) | ||
| 020 | _z9780231539005 (digital) | ||
| 040 |
_aDLC _cDLC _dDLC _dCO-BoIAVH |
||
| 041 | 0 | _aeng | |
| 044 | _axxu | ||
| 082 | 0 | 0 |
_a338.927 _bS12t |
| 100 | 1 |
_aSachs, Jeffrey _eautor |
|
| 245 | 1 | 4 |
_aThe age of sustainable development / _cJeffrey D. Sachs. |
| 260 |
_aNueva York (Estados Unidos) : _bColumbia University Press, _cc2015. |
||
| 300 |
_axvi, 543 páginas : _bilustraciones (algunas a color), mapas a color, gráficas y fotografías a color ; _c24 x 19 cm |
||
| 504 | _aIncluye referencias bibliográficas (páginas 513 - 519) e índice. | ||
| 590 | _aComprado en Amazon (06/04/2017). | ||
| 650 | 1 | 6 | _aDesarrollo sostenible |
| 650 | 2 | 6 |
_aDesarrollo económico _xAspectos ambientales |
| 650 | 2 | 6 | _aEducación |
| 650 | 2 | 6 | _aIntegración social |
| 650 | 2 | 6 | _aSeguridad alimentaria |
| 650 | 2 | 6 | _aConservación de la diversidad biológica |
| 942 |
_2ddc _cLIBRO _02 |
||
| 999 |
_c19463 _d19463 |
||